| 000 | 00354cam a22001337a 4500 | ||
|---|---|---|---|
| 008 | 180718b2000 xxu||||| |||| 00| 0 eng d | ||
| 020 | _a0195647084 | ||
| 082 | _aA6x54 T829h | ||
| 100 | _aThapar, Romila | ||
| 245 |
_aHistory and beyond _cby Romila Thapar |
||
| 260 |
_aNew Delhi _bOxford Univ. Press _c2000 |
||
| 300 | _a189p. | ||
| 650 | _aIndia - History | ||
| 999 |
_c391234 _d391234 |
||